Southville International School and Colleges
Your cart is empty.
  • Cart
  • Lists
    Public lists Eva Luna New books Lux_list list_1
    Your lists Log in to create your own lists
  • Log in to your account
  • Your cookies
  • Search history
Southville International School and Colleges
  • Advanced search
  • Recent comments
  • Most popular
  • Libraries

Log in to your account

Log in with GOOGLE


If you do not have an external account, but do have a local account, you can still log in:

  1. Home
  2. MARC view: Algebra : a comprehensive course
Normal view MARC view ISBD view

Algebra : a comprehensive course (Record no. 366334)

[ view plain ]
MARC details
000 -LEADER
fixed length control field 00596nam a22002057a 4500
003 - CONTROL NUMBER IDENTIFIER
control field 0
005 - DATE AND TIME OF LATEST TRANSACTION
control field 20240923114441.0
008 - FIXED-LENGTH DATA ELEMENTS--GENERAL INFORMATION
fixed length control field 240923b xxu||||| |||| 00| 0 eng d
020 ## - INTERNATIONAL STANDARD BOOK NUMBER
International Standard Book Number 978-1-64725-360-8
050 ## - LIBRARY OF CONGRESS CALL NUMBER
Classification number QA 155
Item number .H68 2023
100 ## - MAIN ENTRY--PERSONAL NAME
Personal name Houston, Kevin
245 ## - TITLE STATEMENT
Title Algebra : a comprehensive course
Statement of responsibility, etc Houston, Kevin
260 ## - PUBLICATION, DISTRIBUTION, ETC. (IMPRINT)
Place of publication, distribution, etc New York
Name of publisher, distributor, etc NY research press.
Date of publication, distribution, etc C2023
300 ## - PHYSICAL DESCRIPTION
Extent vii, 188p.:
Other physical details ill.; col. :
Dimensions 27cm.
500 ## - GENERAL NOTE
General note Algebra.
500 ## - GENERAL NOTE
General note Mathematical analysis.
500 ## - GENERAL NOTE
General note Mathematics.
650 ## - SUBJECT ADDED ENTRY--TOPICAL TERM
Topical term or geographic name as entry element Includes bibliographical references & index.
942 ## - ADDED ENTRY ELEMENTS (KOHA)
Source of classification or shelving scheme Library of Congress Classification
Koha item type Books
Holdings
Withdrawn status Lost status Source of classification or shelving scheme Damaged status Home library Current library Shelving location Date acquired Source of acquisition Sub Shelving location Total Checkouts Full call number Barcode Date last seen Price effective from Koha item type
    Library of Congress Classification   College Library College Library Reserve Section 09/23/2024 Library Fund     QA 155 .H68 2023 C23610 09/23/2024 09/23/2024 Books

Algebra : a comprehensive course

APA

Houston K., . (2023). Algebra : a comprehensive course. New York: NY research press.

Chicago

Houston Kevin, . 2023. Algebra : a comprehensive course. New York: NY research press.

Harvard

Houston K., . (2023). Algebra : a comprehensive course. New York: NY research press.

MLA

Houston Kevin, . Algebra : a comprehensive course. New York: NY research press. 2023.

  • Place hold
  • Print
  • Cite
  • Add to your cart (remove)
  • Save record
    BIBTEX Dublin Core MARCXML MARC (non-Unicode/MARC-8) MARC (Unicode/UTF-8) MARC (Unicode/UTF-8, Standard) MODS (XML) RIS
  • More searches
    Search for this title in:
    Other Libraries (WorldCat) Other Databases (Google Scholar) Online Stores (Bookfinder.com) Open Library (openlibrary.org)

Exporting to Dublin Core...

SOUTHVILLE LIBRARY

Southville International School and Colleges Library

1281 Tropical Ave. Cor. Luxembourg St., BF Homes International, Las Pinas City

Tel. No. 8256374 / 252358 Loc. 117/146

Powered by Koha